00988nam a2200277 a 450000500170000000800410001704000250005804100080008304400070009109000140009810000450011224500800015726000260023730000100026365000320027365000250030565000230033065000410035365000310039465000360042565000190046166200130048094200180049399900150051195201840052620200104041518.0140226b1995 gw ||||| |||| 00| 0 spa d aCO-BoIAVHcCO-BoIAVH aspa agx aLBb01112 aGuzmán Ballesteros, Nory Astrid910908 aCentros de endemismos y biodiversidad de vertebrados terrestres en Colombia aStuttgartc1995bs.e. a17 p. aEspecies endémicas944985 aBiodiversidad992204 aVertebrados944987 aConservación de biodiversidad9345 aCentros de endemismo94283 aCentros de biodiversidad910911 aBiología992 aColombia cINFORME2z01 c1123d1123 00102z40708GENERALaBogotabBogotad1999-04-11eSamper, Cristiánl1m1oLB-01112p001523q2017-09-18r2017-08-04 00:00:00s2017-08-04tEj. 1w2012-12-04xDonaciónyINFORME